000 00260nam a2200109Ia 4500
008 190911s9999||||xx |||||||||||||| ||und||
100 _aLeland L. Beck
245 0 _aSystem Software an Introduction
260 _aUSA
_bPearson
_c1997
300 _a519
942 _cBK
999 _c6708
_d6708